Rozsypanka literowa - Państwa - Statystyki

Ogólne statystyki
  • Ten quiz został rozwiązany 12 334 razy
  • Średni wynik to 13 z 20
Statystyki odpowiedzi
Państwo % Poprawnych
Finlandia
100%
Kiribati
93%
Belgia
91%
Sudan
91%
Irak
90%
Maroko
90%
Tajlandia
90%
Węgry
90%
Etiopia
89%
Gwatemala
89%
Oman
89%
Polska
89%
Czarnogóra
88%
Cypr
87%
Irlandia
87%
Seszele
87%
Katar
85%
Tuvalu
85%
Włochy
85%
Afganistan
84%
Czechy
84%
Łotwa
84%
Indie
83%
Kanada
83%
Uganda
83%
Wenezuela
83%
Chorwacja
82%
Iran
82%
Mali
82%
Meksyk
82%
Ukraina
82%
Gruzja
81%
Peru
81%
Singapur
81%
Szwecja
81%
Wyspy Salomona
81%
Bułgaria
80%
Namibia
80%
Trynidad i Tobago
80%
Albania
79%
Burundi
79%
Luksemburg
79%
Brazylia
78%
Liban
78%
Madagaskar
78%
Sudan Południowy
78%
Macedonia Północna
77%
Tadżykistan
77%
Chiny
76%
Filipiny
76%
Lesotho
76%
Liechtenstein
76%
Rosja
76%
Saint Kitts i Nevis
76%
Syria
76%
Indonezja
75%
Boliwia
74%
Dania
74%
Mjanma
74%
Urugwaj
74%
Benin
73%
Białoruś
73%
Izrael
73%
Niger
73%
Tajwan
73%
Grecja
72%
Monako
72%
Nowa Zelandia
72%
Papua-Nowa Gwinea
72%
Algieria
71%
Bangladesz
71%
Kambodża
71%
Korea Południowa
71%
Samoa
71%
Stany Zjednoczone
71%
Wybrzeże Kości Słoniowej
71%
Dżibuti
70%
Ghana
70%
Mikronezja
70%
Nepal
69%
Tanzania
69%
Tunezja
69%
Bośnia i Hercegowina
68%
Demokratyczna Republika Konga
68%
Islandia
68%
Kenia
68%
Mauritius
68%
Nauru
68%
Słowacja
68%
Fidżi
67%
Nikaragua
67%
Chile
66%
Dominika
66%
Gabon
66%
Niemcy
66%
Pakistan
66%
Arabia Saudyjska
65%
Wietnam
65%
Tonga
64%
Azerbejdżan
63%
Botswana
63%
Republika Zielonego Przylądka
63%
Salwador
63%
Serbia
63%
Holandia
62%
Palau
62%
Republika Środkowoafrykańska
62%
Uzbekistan
62%
Vanuatu
62%
Zjednoczone Emiraty Arabskie
62%
Jamajka
61%
Kazachstan
61%
Komory
61%
Malezja
61%
Rumunia
61%
Austria
60%
Malta
60%
Wyspy Świętego Tomasza i Książęca
60%
Mołdawia
59%
Szwajcaria
59%
Eswatini
58%
Kostaryka
58%
Malawi
58%
Mozambik
58%
Paragwaj
58%
Rwanda
58%
Belize
57%
Kamerun
57%
Panama
57%
Togo
57%
Gujana
56%
Gwinea Równikowa
56%
Hiszpania
56%
Słowenia
56%
Andora
55%
Armenia
55%
Sri Lanka
55%
Watykan
55%
Kuwejt
54%
Nigeria
54%
Portugalia
54%
Turcja
54%
Zambia
54%
Gwinea
53%
Wyspy Marshalla
53%
Ekwador
52%
Jordania
52%
Kosowo
52%
Litwa
52%
Malediwy
52%
Egipt
51%
Kuba
51%
San Marino
51%
Turkmenistan
51%
Haiti
50%
Senegal
50%
Surinam
50%
Barbados
49%
Dominikana
49%
Japonia
49%
Jemen
49%
Mongolia
49%
Antigua i Barbuda
48%
Gambia
48%
Kirgistan
48%
Grenada
46%
Mauretania
46%
Korea Północna
45%
Libia
45%
Bhutan
44%
Czad
44%
Francja
44%
Kongo
44%
Argentyna
43%
Angola
41%
Gwinea Bissau
41%
Burkina Faso
40%
Honduras
40%
Republika Południowej Afryki
39%
Zimbabwe
39%
Bahrajn
37%
Liberia
36%
Kolumbia
35%
Bahamy
34%
Australia
33%
Brunei
33%
Laos
33%
Sierra Leone
33%
Erytrea
32%
Wielka Brytania
31%
Timor Wschodni
29%
Somalia
28%
Norwegia
26%
Estonia
15%
Saint Lucia
13%
Saint Vincent i Grenadyny
9%
Nie znaleziono quizów pasujących do podanych kryteriów
Rozkład punktacji
Procent ludzi z każdym wynikiem
Percentyl według liczby udzielonych odpowiedzi
Twoja historia wyników
Nie rozwiązałeś tego quizu